Khổng Tử /

Gespeichert in:
Bibliographische Detailangaben
1. Verfasser: Nguyễn Hiến Lê.
Format: Buch
Sprache:Vietnamese
Veröffentlicht: Hà Nội : Văn hoá, 1996.
Schlagworte:
Tags: Tag hinzufügen
Keine Tags, Fügen Sie den ersten Tag hinzu!
Thư viện lưu trữ: Mạng thư viện Đại học Đà Nẵng
LEADER 00963cam a2200385 i 4500
001 000046615
003 6113
005 20041104084317.0
008 010307b1996 vm 000 vie
020 |c 14000 
022 |a T 
040 |a IRC  |c IRC  |d IRC 
041 0 |a vie 
082 1 4 |a 181.112  |b NG-L 
100 1 |a Nguyễn Hiến Lê. 
245 1 0 |a Khổng Tử /  |c Nguyễn Hiến Lê. 
260 |a Hà Nội :  |b Văn hoá,  |c 1996. 
300 |a 233 tr. ;  |c 19 cm. 
630 0 4 |a Triết học. 
630 0 4 |a Khổng Tử. 
630 0 4 |a Triết học Trung Hoa. 
630 0 4 |a Nho giáo. 
650 0 4 |a Khổng Tử, 551-479 B.C. 
650 0 4 |a Triết học cổ đại. 
650 0 4 |a Triết học Trung Hoa. 
OWN |a DUT 
999 |a From the UDN01 
TYP |a Monograph 
TYP |a Printed language 
980 |a Mạng thư viện Đại học Đà Nẵng